Educating film-maker : (Record no. 13810)
[ view plain ]
| 000 -LEADER | |
|---|---|
| fixed length control field | 00756nam a22002177a 4500 |
| 008 - FIXED-LENGTH DATA ELEMENTS--GENERAL INFORMATION | |
| fixed length control field | 190417b ||||| |||| 00| 0 eng d |
| 020 ## - INTERNATIONAL STANDARD BOOK NUMBER | |
| International Standard Book Number | 9781783202690 |
| 082 ## - DEWEY DECIMAL CLASSIFICATION NUMBER | |
| Edition number | 2014 |
| Classification number | AV-Eb 791.43 |
| Item number | P495 |
| 100 ## - MAIN ENTRY--PERSONAL NAME | |
| Personal name | Petrie,Duncan . |
| 9 (RLIN) | 38382 |
| 245 ## - TITLE STATEMENT | |
| Title | Educating film-maker : |
| Remainder of title | past,present, and future / |
| Statement of responsibility, etc. | Duncan Petrie and Rod Stoneman. |
| 250 ## - EDITION STATEMENT | |
| Edition statement | First Edition |
| 260 ## - PUBLICATION, DISTRIBUTION, ETC. (IMPRINT) | |
| Name of publisher, distributor, etc. | Intellect Books Ltd |
| Date of publication, distribution, etc. | ©2014. |
| 300 ## - PHYSICAL DESCRIPTION | |
| Extent | 382 pages; |
| 500 ## - GENERAL NOTE | |
| General note | Inlcudes index. |
| 650 ## - SUBJECT ADDED ENTRY--TOPICAL TERM | |
| Topical term or geographic name as entry element | Film genres. |
| 9 (RLIN) | 38383 |
| 650 ## - SUBJECT ADDED ENTRY--TOPICAL TERM | |
| Topical term or geographic name as entry element | Motion pictures -- Study and teaching. |
| 9 (RLIN) | 38384 |
| 650 ## - SUBJECT ADDED ENTRY--TOPICAL TERM | |
| Topical term or geographic name as entry element | Motion pictures. |
| 9 (RLIN) | 27173 |
| 700 ## - ADDED ENTRY--PERSONAL NAME | |
| Personal name | Stoneman,Rod . |
| 9 (RLIN) | 38385 |
| 856 ## - ELECTRONIC LOCATION AND ACCESS | |
| Link text | https://ebookcentral.proquest.com/lib/uniofmindanao-ebooks/detail.action?docID=1756044 |
| 942 ## - ADDED ENTRY ELEMENTS (KOHA) | |
| Source of classification or shelving scheme | Dewey Decimal Classification |
| Koha item type | Ebooks |
| Withdrawn status | Lost status | Source of classification or shelving scheme | Damaged status | Not for loan | Home library | Current library | Shelving location | Date acquired | Source of acquisition | Total Checkouts | Full call number | Barcode | Date last seen | Price effective from | Koha item type |
|---|---|---|---|---|---|---|---|---|---|---|---|---|---|---|---|
| Dewey Decimal Classification | UM Digos College - LIC | UM Digos College - LIC | Processing Center | 04/17/2019 | Downloaded | AV-Eb 791.43 P495 | Eb173 | 04/17/2019 | 04/17/2019 | Ebooks |
